States/Provinces With NHL Teams - Sudden Death - Statistics

General Stats
  • This quiz has been taken 153 times
  • The average score is 10 of 23
Answers on the Grid
Answers color-coded by a green-red scale on the quiz's grid according to % correct below.
Alabama
Alaska
Alberta
Arizona
Arkansas
British Columbia
California
Colorado
Connecticut
Delaware
Florida
Georgia
Hawaii
Idaho
Illinois
Indiana
Iowa
Kansas
Kentucky
Louisiana
Maine
Manitoba
Maryland
Massachusetts
Michigan
Minnesota
Mississippi
Missouri
Montana
Nebraska
Nevada
New Brunswick
New Hampshire
New Jersey
New Mexico
New York
Newfoundland and Labrador
North Carolina
North Dakota
Nova Scotia
Ohio
Oklahoma
Ontario
Oregon
Pennsylvania
Prince Edward Island
Quebec
Rhode Island
Saskatchewan
South Carolina
South Dakota
Tennessee
Texas
Utah
Vermont
Virginia
Washington
West Virginia
Wisconsin
Wyoming
 
Answer Stats
Answer % Correct
Alberta
73%
California
62%
Florida
59%
British Columbia
54%
Colorado
54%
Illinois
52%
Pennsylvania
48%
Michigan
46%
New York
46%
Utah
45%
Minnesota
44%
New Jersey
44%
Ohio
44%
Texas
44%
Quebec
43%
Massachusetts
41%
Ontario
41%
Washington
41%
North Carolina
35%
Tennessee
35%
Manitoba
33%
Nevada
29%
Missouri
28%
No matching quizzes found
Score Distribution
Percent of People with Each Score
Percentile by Number Answered
Your Score History
You have not taken this quiz